Deadliest Countries for Air Pollution - Statistics

General Stats
  • This quiz has been taken 91 times
  • The average score is 8 of 15
Answer Stats
Country % Correct
China
96%
India
93%
Pakistan
80%
Bangladesh
74%
Egypt
64%
Niger
61%
Saudi Arabia
61%
Qatar
58%
United Arab Emirates
57%
Kuwait
55%
Nepal
46%
Libya
43%
Mauritania
17%
Cameroon
16%
Uganda
13%
No matching quizzes found
Score Distribution
Percent of People with Each Score
Percentile by Number Answered
Your Score History
You have not taken this quiz